<?xml version="1.0" encoding="UTF-8"?>
<record
    xmlns:xsi="http://www.w3.org/2001/XMLSchema-instance"
    xsi:schemaLocation="http://www.loc.gov/MARC21/slim http://www.loc.gov/standards/marcxml/schema/MARC21slim.xsd"
    xmlns="http://www.loc.gov/MARC21/slim">

  <leader>00853nam a2200193Ia 4500</leader>
  <controlfield tag="005">20240530110943.0</controlfield>
  <controlfield tag="008">140319s2020    sy ahk   b    000 0 ara d</controlfield>
  <datafield tag="022" ind1=" " ind2=" ">
    <subfield code="a">978933600433</subfield>
  </datafield>
  <datafield tag="040" ind1=" " ind2=" ">
    <subfield code="a">GCL / </subfield>
    <subfield code="c">GCL</subfield>
  </datafield>
  <datafield tag="082" ind1="0" ind2="4">
    <subfield code="a">962.1</subfield>
    <subfield code="b">&#x642;/&#x645; &#x62A;</subfield>
  </datafield>
  <datafield tag="100" ind1="0" ind2=" ">
    <subfield code="a">&#x645;&#x62D;&#x645;&#x62F; &#x62C;&#x645;&#x627;&#x644; &#x62D;&#x627;&#x645;&#x62F; &#x627;&#x644;&#x634;&#x648;&#x631;&#x628;&#x62C;&#x649;</subfield>
  </datafield>
  <datafield tag="245" ind1="1" ind2="0">
    <subfield code="a">&#x62A;&#x627;&#x631;&#x64A;&#x62E; &#x645;&#x62F;&#x64A;&#x646;&#x629; &#x627;&#x644;&#x62E;&#x627;&#x646;&#x643;&#x627;&#x647; &#x641;&#x649; &#x639;&#x635;&#x631; &#x633;&#x644;&#x627;&#x637;&#x64A;&#x646; &#x627;&#x644;&#x645;&#x645;&#x627;&#x644;&#x64A;&#x643; :</subfield>
    <subfield code="b">725 - 923 &#x647;&#x640; / 1325 - 1517 &#x645; /</subfield>
    <subfield code="c">&#x62A;&#x627;&#x644;&#x64A;&#x641; &#x645;&#x62D;&#x645;&#x62F; &#x62C;&#x645;&#x627;&#x644; &#x62D;&#x627;&#x645;&#x62F; &#x627;&#x644;&#x634;&#x648;&#x631;&#x628;&#x62C;&#x649;</subfield>
  </datafield>
  <datafield tag="260" ind1=" " ind2=" ">
    <subfield code="a">&#x62F;&#x645;&#x634;&#x642; :</subfield>
    <subfield code="b">&#x646;&#x648;&#x631; &#x62D;&#x648;&#x631;&#x627;&#x646; &#x644;&#x644;&#x62F;&#x631;&#x627;&#x633;&#x627;&#x62A; &#x648;&#x627;&#x644;&#x646;&#x634;&#x631; &#x648;&#x627;&#x644;&#x62A;&#x631;&#x627;&#x62B;&#x60C;</subfield>
    <subfield code="c">2020.</subfield>
  </datafield>
  <datafield tag="300" ind1=" " ind2=" ">
    <subfield code="a">159 &#x635;. :</subfield>
    <subfield code="b">&#x627;&#x64A;&#x636; &#x61B;</subfield>
    <subfield code="c">24 &#x633;&#x645;.</subfield>
  </datafield>
  <datafield tag="504" ind1=" " ind2=" ">
    <subfield code="a">&#x64A;&#x634;&#x62A;&#x645;&#x644; &#x639;&#x644;&#x649; &#x627;&#x631;&#x62C;&#x627;&#x639;&#x627;&#x62A; &#x628;&#x628;&#x644;&#x64A;&#x648;&#x62C;&#x631;&#x627;&#x641;&#x64A;&#x629;</subfield>
  </datafield>
  <datafield tag="650" ind1="0" ind2="7">
    <subfield code="2">qrmak</subfield>
    <subfield code="a">&#x627;&#x644;&#x639;&#x645;&#x627;&#x631;&#x629; &#x627;&#x644;&#x627;&#x633;&#x644;&#x627;&#x645;&#x64A;&#x629;</subfield>
    <subfield code="x">&#x639;&#x635;&#x631; &#x627;&#x644;&#x645;&#x645;&#x627;&#x644;&#x64A;&#x643;</subfield>
  </datafield>
  <datafield tag="651" ind1="0" ind2="7">
    <subfield code="2">qrmak</subfield>
    <subfield code="a">&#x627;&#x644;&#x62E;&#x627;&#x646;&#x643;&#x627;&#x647;</subfield>
    <subfield code="x">&#x62A;&#x627;&#x631;&#x64A;&#x62E;</subfield>
  </datafield>
  <datafield tag="942" ind1=" " ind2=" ">
    <subfield code="2">ddc</subfield>
    <subfield code="c">BK</subfield>
  </datafield>
  <datafield tag="999" ind1=" " ind2=" ">
    <subfield code="c">66846</subfield>
    <subfield code="d">66846</subfield>
  </datafield>
  <datafield tag="952" ind1=" " ind2=" ">
    <subfield code="0">0</subfield>
    <subfield code="1">0</subfield>
    <subfield code="4">0</subfield>
    <subfield code="7">0</subfield>
    <subfield code="a">CAI</subfield>
    <subfield code="b">CAI</subfield>
    <subfield code="c">&#x627;&#x644;&#x642;&#x627;&#x647;&#x631;&#x629;-&#x639;&#x631;&#x628;&#x649;</subfield>
    <subfield code="d">2022-11-08</subfield>
    <subfield code="l">0</subfield>
    <subfield code="o">962.1 &#x642;/&#x645; &#x62A;</subfield>
    <subfield code="p">168804</subfield>
    <subfield code="r">2022-11-08 00:00:00</subfield>
    <subfield code="w">2022-11-08</subfield>
    <subfield code="y">BK</subfield>
  </datafield>
</record>
